000 00617nam a2200241 a 4500
001 nice12345678
003 IN_TiNIC
005 20260116011258.0
008 050524s1931 lona grp 000 0 eng
020 _a
_c100
082 0 0 _a248.22
_bSMI
100 _aSmith, Margaret
245 _aStudies in Early Mysticism in the Near and Middle East
260 _aLondon
_bSheldon Press
_c1931
300 _a276p
500 _aincludes index and biblioraphy
505 2 _aBibliography, Index
650 _aMysticism-Christianity
700 1 _aSmith, Margaret
902 _bSRS
942 _cBK
999 _c115
_d115